CIUDADES EUROPEAS ATRAVESADAS POR RÍOS - Estadísticas

Estadísticas generales
  • Esta prueba ha sido intentada 447 veces
  • La puntuación promedio es 30 de 40
Estadísticas de respuestas
RÍO (PAÍS) CIUDAD % Correcto
RÍO SENA (Francia) PARÍS
98%
RÍO DANUBIO (Hungría) BUDAPEST
97%
RÍO TAJO (Portugal) LISBOA
96%
RÍO DANUBIO (Austria) VIENA
96%
RÍO TÍBER (Italia) ROMA
95%
RÍO MANZANARES (España) MADRID
94%
RÍO GUADALQUIVIR (España) SEVILLA
94%
RÍO TÁMESIS (Reino Unido) LONDRES
93%
RÍO MOSCOVA (Rusia) MOSCÚ
93%
RÍO AMSTEL (Países Bajos) AMSTERDAM
92%
RÍO MOLDAVA (Rep. Checa) PRAGA
90%
RÍO LIFFEY (Irlanda) DUBLÍN
88%
RÍO DNIEPER (Ucrania) KIEV
88%
RÍO AKERSELVA (Noruega) OSLO
88%
RÍO SENNE (Bélgica) BRUSELAS
86%
RÍO EBRO (España) ZARAGOZA
85%
RÍO DUERO (Portugal) OPORTO
84%
RÍO VÍSTULA (Polonia) VARSOVIA
84%
RÍO SAVA (Croacia) ZAGREB
81%
RÍO AARE (Suiza) BERNA
79%
RÍO DANUBIO (Serbia) BELGRADO
78%
RÍO ARNO (Italia) FLORENCIA
77%
RÍO ESPREA (Alemania) BERLÍN
76%
RÍOS SAONA Y RÓDANO (Francia) LYON
76%
RÍO NEVA (Rusia) SAN PETERSBURGO
75%
RÍO DANUBIO (Eslovaquia) BRATISLAVA
74%
RÍO PO (Italia) TURÍN
73%
RÍO LIMAGO (Suiza) ZURICH
69%
RÍO RÓDANO (Suiza) GINEBRA
68%
RÍO NERVIÓN (España) BILBAO
67%
RÍO SALZACH (Austria) SALZBURGO
65%
RÍO TAJO (España) TOLEDO
63%
RÍOS ALSTER Y ELBA (Alemania) HAMBURGO
60%
RÍO RIN (Alemania) COLONIA
57%
RÍO ESCALDA (Bélgica) AMBERES
50%
RÍO ILL - RIN (Francia) ESTRASBURGO
46%
RÍO ADIGIO (Italia) VERONA
34%
RÍO VOLGA (Rusia) VOLGOGRADO
33%
RÍO LOIRA (Francia) TOURS
14%
RÍO SOMME (Francia) AMIENS
9%
No se encontraron pruebas coincidentes
Distribución de puntuación
Porcentaje de gente con cada puntuación
Porcentaje por número respondido
Historial de tus puntuaciones
No has intentado esta prueba.